• 首页
  • 本馆介绍
  • 公告通知
  • 最新文献
  • 馆藏检索
  • 电子资源
  • 读者导购
  • 参考咨询
  • 我的图书馆
  • 登录
  • 详细信息显示
  • 放入我的书架
  • 预约/预借图书
  • 作者相关作品
  • 分类相关作品
  • 丛书相关作品
  • 出版社相关作品

书目信息

  • 表格格式
  • 工作单格式
  • 卡片格式
书名: Principles of electronic materials and devices
作者: S.O. Kasap.
分册号:
分册名:
出版地: Boston :
 
出版社: McGraw-Hill
出版时间: c2006.
页数: xiii, 874 p. :
开本: 24 cm. +
丛书名:
中图分类号:
科图分类号:
其他分类号: TN6
主题词:
电子资源:
000 00996pam a2200361 a 4500
001 E0737126966
003 CAL
005 20070708102038.06
008 050112s2006 nyua 001 0 eng
010    @a 2005000842
020    @a0072957913 (hard copy : alk. paper).
020    @a0073104647 (text w/CD-ROM).
040    @aDLC@cDLC@dYDX
042    @apcc
050 00 @aTK453@b.K26 2006
082 00 @a621.382@222
090    @aTN6
093    @aTN6@24
099    @dTN6@ex4=3
100 1  @aKasap, S. O.@q(Safa O.)
245 10 @aPrinciples of electronic materials and devices / @cS.O. Kasap.
250    @a3rd ed.
260    @aBoston :@bMcGraw-Hill,@cc2006.
300    @axiii, 874 p. :@bill. ;@c24 cm. +@e1 CD-ROM (4 3/4 in/).
500    @aIncludes index
650  0 @aElectric engineering@xMaterials.
650  0 @aElectric apparatus and appliances.
920    @a242020@z2
920    @a211030@z2
920    @aF44010@z2
920    @a231400@z1
920    @a245010@z2
998    @aGXU
    
    Principles of electronic materials and devices / / S.O. Kasap.-3rd ed.-Boston : : McGraw-Hill, , c2006.
    xiii, 874 p. : : ill. ; ; 24 cm. + + 1 CD-ROM (4 3/4 in/).
    Includes index
    
    ISBN 0072957913 (hard copy : alk. paper).
    
●
相关链接 在E读中查询图书 在五车中查询图书 在当当中查询图书 在豆瓣中查询图书


正题名:Principles of electronic materials and devices     索取号:TN6/x4=3         预约/预借

序号 登录号 条形码 馆藏地/架位号 状态 备注
1 0011556   300115569   第二样本阅览室/ [索取号:TN6/x4=3] 在馆    
2 0013218   300132185   第四借阅区/ [索取号:TN6/x4=3] 在馆    
3 0013219   300132194   第四借阅区/ [索取号:TN6/x4=3] 在馆    
唐山师范学院图书馆 欢迎您!
大连网信软件有限公司© 版权所有